000
00306nam a2200133Ia 4500
008
240624s9999 xx 000 0 und d
041
_a
eng
082
_a
823 LAH
100
_a
LAHIRI JHUMPA
245
_a
LOWLAND
260
_c
2013
_a
New Delhi
_b
Random House India
300
_a
352 : p.
365
_c
RS
_b
25
999
_c
22192
_d
22192